Statistics for Previous Fifa Covers

Click here to take the quiz!

General Stats

  • This quiz has been taken 692 times
  • The average score is 11 of 19

Answer Stats

YearPlayer% Correct
2013Lionel Messi
97%
2006Wayne Rooney & Ronaldinho
93%
2009Wayne Rooney & Ronaldinho
93%
2008Wayne Rooney & Ronaldinho
93%
2011Kaka & Wayne Rooney
88%
2010Theo Walcott, Wayne Rooney & Frank Lampard
86%
2004Thierry Henry, Ronaldinho & Alesandro Del Piero
84%
2012Wayne Rooney & Jack Wilshere
84%
2007Wayne Rooney & Ronaldinho
82%
1996Ronaldo De Boer & Jason Macateer
81%
2002Thierry Henry
67%
2003Ryan Giggs, Roberto Carlos & Edgar Davids
47%
1998David Beckham
39%
2005Patrick Viera, Fernando Morientes & Andrei Shevchenko
25%
1999Dennis Bergkamp
23%
2001Paul Scholes
22%
2000Sol Campbell
11%
1997David Ginola
5%
1995Erik Thorstvedt
2%

Score Distribution

Percentile by Number Answered

Percent of People with Each Score

Your Score History

You have not taken this quiz